<?xml version="1.0" encoding="UTF-8"?>
<record
    xmlns:xsi="http://www.w3.org/2001/XMLSchema-instance"
    xsi:schemaLocation="http://www.loc.gov/MARC21/slim http://www.loc.gov/standards/marcxml/schema/MARC21slim.xsd"
    xmlns="http://www.loc.gov/MARC21/slim">

  <leader>02457nam a22001577a 4500</leader>
  <datafield tag="999" ind1=" " ind2=" ">
    <subfield code="c">39555</subfield>
    <subfield code="d">39555</subfield>
  </datafield>
  <datafield tag="020" ind1=" " ind2=" ">
    <subfield code="a">9781666889017</subfield>
  </datafield>
  <datafield tag="082" ind1=" " ind2=" ">
    <subfield code="a">020.72</subfield>
    <subfield code="b">SHE-E</subfield>
  </datafield>
  <datafield tag="100" ind1=" " ind2=" ">
    <subfield code="a">Shelton, Wilbert</subfield>
    <subfield code="e">author</subfield>
  </datafield>
  <datafield tag="245" ind1=" " ind2=" ">
    <subfield code="a">Research Methodology In Library Science/</subfield>
    <subfield code="c">By Wilbert Shelton </subfield>
  </datafield>
  <datafield tag="260" ind1=" " ind2=" ">
    <subfield code="a">United State:</subfield>
    <subfield code="b">Kaufman Press,</subfield>
    <subfield code="c">2022.</subfield>
  </datafield>
  <datafield tag="300" ind1=" " ind2=" ">
    <subfield code="a">xiii, 300p.</subfield>
  </datafield>
  <datafield tag="504" ind1=" " ind2=" ">
    <subfield code="a">Include Bibliography and Reference</subfield>
  </datafield>
  <datafield tag="520" ind1=" " ind2=" ">
    <subfield code="a">The resources of a university research library are available to the students, faculty, university research staff, and visiting scholars. The materials and services of a research library in a public library system are open to the public under the regulations and conditions established by the particular library. Use of some independent research libraries is restricted to advanced scholars and is permitted only by special arrangements; others are open to the public under regulations limiting the locale in which the materials can be used. Library science is an interdisciplinary science incorporating the humanities, law and applied science to study topics related to libraries, the collection, organisation, preservation and dissemination of information resources, and the political economy of information. Historically, library science has also included archival science. "The distinction between a library and an archive is relatively modern". In the beginning of the 21st century, one tendency has been to drop the term "library" and to speak about information departments or I-schools. There has also been an attempt to revive the concept of documentation and speak of Library, information and documentation studies (or science). Another tendency, for example in Sweden, is to merge the fields of Archival science, Library science and Museology to develop an integrated field: Archival, Library and Museum studies. The present book discusses the status, role and effectiveness of the academic library system in a changing world. Contents: 1. Introduction, 2. Research Methodology, 3. Research Process in Library Quality, 4. Citation Searches in Library, 5. The Emergence of 'Information Science' as a Field of Research, 6. Research in Electronic Databases, 7. Proquest Direct Research Library, 8. Research on Quantitative Aspects of Files and Text, 9. Digital Library on Higher Education and Research Methodology, 10. Development of Library and Information Science. </subfield>
  </datafield>
  <datafield tag="650" ind1=" " ind2=" ">
    <subfield code="a">Library Science</subfield>
    <subfield code="v">Research Methodology</subfield>
    <subfield code="x">Quantitative Research</subfield>
  </datafield>
  <datafield tag="942" ind1=" " ind2=" ">
    <subfield code="2">ddc</subfield>
    <subfield code="c">BK</subfield>
  </datafield>
  <datafield tag="952" ind1=" " ind2=" ">
    <subfield code="0">0</subfield>
    <subfield code="1">0</subfield>
    <subfield code="4">0</subfield>
    <subfield code="7">0</subfield>
    <subfield code="a">NASSDOC</subfield>
    <subfield code="b">NASSDOC</subfield>
    <subfield code="d">2024-03-21</subfield>
    <subfield code="e">Ahuja book company Pvt Ltd.</subfield>
    <subfield code="g">10026.44</subfield>
    <subfield code="i">2024-03-21</subfield>
    <subfield code="l">0</subfield>
    <subfield code="o">020.72 SHE-E</subfield>
    <subfield code="p">54570</subfield>
    <subfield code="r">2024-05-27 00:00:00</subfield>
    <subfield code="v">15425.30</subfield>
    <subfield code="w">2024-03-21</subfield>
    <subfield code="y">BK</subfield>
  </datafield>
</record>
